[Event "Kingston Chan Memorial op"]
[Site "Kingston"]
[Date "2017.09.23"]
[Round "4"]
[White "Williams, Margoe"]
[Black "Kidd, Deanndra"]
[Result "1-0"]
[WhiteElo "1581"]
[BlackElo "1213"]
[PlyCount "120"]
[EventDate "2017.09.21"]
[EventType "swiss"]
[EventRounds "6"]
[EventCountry "JAM"]
[SourceTitle "EXT 2020"]
[Source "ChessBase"]
[SourceDate "2019.10.17"]
[SourceVersion "1"]
[SourceVersionDate "2019.10.17"]
[SourceQuality "1"]

1. d4 d5 2. c4 c6 3. Nc3 Nf6 4. Nf3 Bf5 5. e3 e6 6. Be2 Nbd7 7. 0-0 Be7 8. a3 0-0 9. b4 Nb6 10. cxd5 cxd5 11. Bb2 Rc8 12. Ne5 Ne4 13. Nxe4 Bxe4 14. Rc1 Bf6 15. Rxc8 Qxc8 16. Qc1 Bxe5 17. dxe5 Qc2 18. Qxc2 Bxc2 19. Rc1 Rc8 20. Bd4 Be4 21. Rxc8+ Nxc8 22. Bb5 a6 23. Bd7 Ne7 24. Bc5 Nc6 25. f4 Nb8 26. Bc8 b5 27. Bd6 Nc6 28. Bxa6 d4 29. exd4 Nxd4 30. Kf2 Nc2 31. Bxb5 Nxa3 32. Bf1 Bc6 33. g3 g6 34. Bd3 f5 35. exf6 Kf7 36. Ke3 Kxf6 37. Be5+ Ke7 38. Bb2 Nb5 39. Bxb5 Bxb5 40. Ke4 Bc6+ 41. Ke5 Kf7 42. Kd6 Bb5 43. Kc5 Be2 44. b5 Ke7 45. b6 Ba6 46. Kc6 Bc8 47. b7 Bxb7+ 48. Kxb7 Kd6 49. Be5+ Kd5 50. Kc7 Ke4 51. Kd6 Kf5 52. h3 h5 53. h4 Kg4 54. Kxe6 Kxg3 55. f5+ Kxh4 56. fxg6 Kh3 57. g7 h4 58. Bf6 Kh2 59. g8Q h3 60. Be5+ Kh1 1-0